[Event "Santo Domingo op"]
[Site "Santo Domingo"]
[Date "2006.11.01"]
[Round "2"]
[White "Alcantara, Ray"]
[Black "De Los Santos Nunez, Eddy"]
[Result "1-0"]
[WhiteElo "2125"]
[BlackElo "2191"]
[PlyCount "61"]
[EventDate "2006.10.31"]
[EventType "swiss"]
[EventRounds "9"]
[EventCountry "DOM"]
[SourceTitle "EXT 2007"]
[Source "ChessBase"]
[SourceDate "2006.11.23"]
[SourceVersion "1"]
[SourceVersionDate "2006.11.23"]
[SourceQuality "1"]

1. f4 e5 2. fxe5 d6 3. exd6 Bxd6 4. Nf3 g5 5. g3 h5 6. d4 g4 7. Nh4 Be7 8. Ng2 h4 9. Bf4 h3 10. Ne3 Nf6 11. Qd3 Nc6 12. c3 Nh5 13. Be5 Nxe5 14. dxe5 Bd7 15. Nd2 Bc6 16. Ne4 Qxd3 17. exd3 f5 18. Nxf5 Rf8 19. Nxe7 Kxe7 20. Be2 Bxe4 21. dxe4 Rg8 22. 0-0-0 Rg5 23. Rhf1 Rag8 24. Rf5 R8g6 25. Bc4 Rg7 26. Rdf1 a6 27. Rf7+ Rxf7 28. Rxf7+ Kd8 29. Rf5 Rxf5 30. exf5 c6 31. Bd3 1-0